[Event "RUS-chT Rapid"]
[Site "Sochi"]
[Date "2024.10.18"]
[Round "5.17"]
[White "Shimanov, Aleksandr"]
[Black "Maneluk, Daniil"]
[Result "1/2-1/2"]
[WhiteElo "2582"]
[BlackElo "2213"]
[PlyCount "134"]
[EventDate "2024.10.18"]
[EventType "team-swiss (rapid)"]
[EventRounds "9"]
[EventCountry "RUS"]
[SourceTitle "CB43_2024"]
[Source "Chessbase"]
[SourceDate "2024.10.23"]
[SourceVersion "1"]
[SourceVersionDate "2024.10.23"]
[SourceQuality "1"]
[WhiteTeam "Sverdlovsk ShakhMatOff"]
[BlackTeam "Tula Region"]
[WhiteTeamCountry "RUS"]
[BlackTeamCountry "RUS"]

1. Nf3 c5 2. e4 d6 3. Nc3 Nf6 4. h3 g6 5. d4 cxd4 6. Nxd4 Bg7 7. Be2 0-0 8. 0-0 Nc6 9. Be3 Bd7 10. Qd2 Rc8 11. Nb3 a6 12. Bh6 Qb6 13. Bxg7 Kxg7 14. Nd5 Nxd5 15. exd5 Ne5 16. c3 Bb5 17. Rad1 Bc4 18. Bxc4 Nxc4 19. Qe2 Rc7 20. Rd4 Qb5 21. f4 e5 22. dxe6 fxe6 23. Rdd1 Qb6+ 24. Rf2 e5 25. Kh2 Ne3 26. Rd3 exf4 27. Nd4 Re7 28. Rxf4 Rfe8 29. Qf2 d5 30. Nc2 Nc4 31. Qxb6 Nxb6 32. Nd4 Nc4 33. Rf2 Re3 34. Rxe3 Rxe3 35. Nc2 Rd3 36. Nd4 Re3 37. g4 Nd6 38. Kg2 Ne4 39. Rf3 Re1 40. h4 Nc5 41. b3 Ne6 42. Nxe6+ Rxe6 43. Rd3 Re2+ 44. Kf3 Rxa2 45. Rxd5 Rc2 46. Rd7+ Kf6 47. Rxb7 Rxc3+ 48. Kf4 h6 49. g5+ hxg5+ 50. hxg5+ Ke6 51. Rb6+ Kf7 52. Rb7+ Ke6 53. Rb6+ Kf7 54. b4 a5 55. Rb7+ Ke6 56. Rb6+ Kf7 57. bxa5 Rc4+ 58. Ke3 Rc5 59. Rb7+ Ke6 60. a6 Rxg5 61. Kd4 Ra5 62. a7 g5 63. Kc4 g4 64. Kb4 Ra1 65. Kc5 g3 66. Rg7 Kf6 67. Rxg3 Rxa7 1/2-1/2

[Event "RUS-chT Blitz"]
[Site "Sochi"]
[Date "2024.10.17"]
[Round "5.9"]
[White "Esipenko, Andrey"]
[Black "Maneluk, Daniil"]
[Result "1-0"]
[WhiteElo "2677"]
[BlackElo "2213"]
[PlyCount "85"]
[EventDate "2024.10.17"]
[EventType "team-swiss (blitz)"]
[EventRounds "11"]
[EventCountry "RUS"]
[SourceTitle "CB43_2024"]
[Source "Chessbase"]
[SourceDate "2024.10.23"]
[SourceVersion "1"]
[SourceVersionDate "2024.10.23"]
[SourceQuality "1"]
[WhiteTeam "Moscow Park Tauer"]
[BlackTeam "Tula Region"]
[WhiteTeamCountry "RUS"]
[BlackTeamCountry "RUS"]

1. e4 e6 2. d4 d5 3. e5 c5 4. c3 Nc6 5. Nf3 Nge7 6. Na3 Bd7 7. Be2 Nf5 8. Nc2 cxd4 9. cxd4 Be7 10. 0-0 0-0 11. Bd3 f6 12. Bxf5 exf5 13. Re1 fxe5 14. dxe5 Be6 15. Ncd4 Qd7 16. Bf4 Rac8 17. Qd3 Nxd4 18. Nxd4 a6 19. Rad1 Rfd8 20. Qg3 Kh8 21. Bg5 Rc4 22. b3 Rcc8 23. h4 Bxg5 24. hxg5 g6 25. Qe3 Kg8 26. Qd2 Qe7 27. Rc1 Kf7 28. f4 Rc5 29. Rxc5 Qxc5 30. Rc1 Qb6 31. Kh2 Ke7 32. a4 a5 33. Rc3 Rc8 34. Rh3 Bg8 35. Nb5 Rc6 36. Qb2 Qc5 37. e6 d4 38. Nxd4 Rd6 39. Nf3 Kxe6 40. Qg7 Qc8 41. Qf6+ Kd7 42. Ne5+ Kc7 43. Rc3+ 1-0

[Event "RUS-chT Blitz"]
[Site "Sochi"]
[Date "2024.10.17"]
[Round "2.13"]
[White "Maneluk, Daniil"]
[Black "Shimanov, Aleksandr"]
[Result "0-1"]
[WhiteElo "2213"]
[BlackElo "2582"]
[PlyCount "146"]
[EventDate "2024.10.17"]
[EventType "team-swiss (blitz)"]
[EventRounds "11"]
[EventCountry "RUS"]
[SourceTitle "CB43_2024"]
[Source "Chessbase"]
[SourceDate "2024.10.23"]
[SourceVersion "1"]
[SourceVersionDate "2024.10.23"]
[SourceQuality "1"]
[WhiteTeam "Tula Region"]
[BlackTeam "Ekaterinburg Shkola ShakhMatOff"]
[WhiteTeamCountry "RUS"]
[BlackTeamCountry "RUS"]

1. e4 c6 2. d4 d5 3. e5 Bf5 4. c4 e6 5. Nc3 Ne7 6. h3 dxc4 7. Bxc4 Nd7 8. Nge2 Nb6 9. Bb3 Ned5 10. Ng3 Bg6 11. 0-0 Be7 12. f4 Qd7 13. Qf3 Rd8 14. a3 0-0 15. Kh2 f5 16. exf6 Bxf6 17. Rd1 Kh8 18. Nce4 Be7 19. Nc5 Qc8 20. Qg4 Bxc5 21. dxc5 Nd7 22. Qxe6 Bf7 23. Qe1 Nxc5 24. Bc2 Nf6 25. b4 Nb3 26. Bxb3 Bxb3 27. Rxd8 Rxd8 28. Bb2 Qe6 29. Qc3 Bd5 30. Re1 Qd7 31. Re5 Re8 32. Qe3 b6 33. Nf5 Re6 34. Nd4 Re8 35. g4 Kg8 36. g5 Rxe5 37. Qxe5 Ne8 38. Nf5 Kf8 39. Bd4 Qe6 40. Ne3 Qxe5 41. Bxe5 Be4 42. f5 Ke7 43. Kg3 Bd3 44. Kf4 Kf7 45. h4 g6 46. h5 gxh5 47. Ng2 c5 48. bxc5 bxc5 49. Nh4 c4 50. Ke3 Bc2 51. Kd4 Bd3 52. Kc3 Ke7 53. g6 hxg6 54. fxg6 Ke6 55. Bd4 Nd6 56. Kb4 a6 57. a4 Nb7 58. a5 Nd6 59. Bc5 Nb5 60. Be3 c3 61. Kb3 c2 62. Kb2 Nd6 63. Kc3 Be4 64. Bh6 Nf5 65. Nxf5 Bxf5 66. g7 Kf7 67. Kd2 h4 68. Bf4 Kxg7 69. Bg5 h3 70. Bf4 Kg6 71. Kc1 Kh5 72. Kd2 Kg4 73. Bc7 Kf3 0-1

[Event "Titled Tuesday intern op 24th Sep Early"]
[Site "Chess.com INT"]
[Date "2024.09.24"]
[Round "1"]
[White "Maneluk, Daniil"]
[Black "Bashirli, Saadat"]
[Result "1-0"]
[WhiteElo "2213"]
[BlackElo "1894"]
[PlyCount "97"]
[EventDate "2024.09.24"]
[EventType "swiss (blitz)"]
[EventRounds "11"]
[EventCountry "USA"]
[SourceTitle "EXT 2025"]
[Source "ChessBase"]
[SourceDate "2024.10.14"]
[SourceVersion "1"]
[SourceVersionDate "2024.10.14"]
[SourceQuality "1"]

1. e4 c5 2. Nf3 Nc6 3. d4 cxd4 4. Nxd4 g6 5. c4 Bg7 6. Be3 Nf6 7. Nc3 d6 8. Be2 0-0 9. 0-0 Qa5 10. f3 Bd7 11. a3 Nxd4 12. Bxd4 a6 13. b4 Qc7 14. Rc1 Rfc8 15. Qd3 Be6 16. Nd5 Bxd5 17. exd5 Qd7 18. Bb6 e6 19. dxe6 fxe6 20. Rfd1 d5 21. Qe3 Qf7 22. Rd2 Nd7 23. Bd4 e5 24. Bb2 d4 25. Qd3 Bh6 26. Rcd1 Bxd2 27. Rxd2 Nb6 28. c5 Nd5 29. Bd1 Kf8 30. Bb3 Qd7 31. Qe4 Nc7 32. Qxe5 Re8 33. Qh8+ Ke7 34. Qxh7+ Kd8 35. Qh4+ Kc8 36. Rxd4 Qb5 37. h3 Qe2 38. Qf2 Qe7 39. Rd6 g5 40. Bf6 Qh7 41. Qd4 Kb8 42. c6 bxc6 43. Qb6+ Kc8 44. Rxc6 Re1+ 45. Kh2 Qd7 46. Bxg5 Re2 47. Bf4 Re7 48. Be6 Rxe6 49. Rxc7+ 1-0

[Event "Titled Tuesday intern op 24th Sep Early"]
[Site "Chess.com INT"]
[Date "2024.09.24"]
[Round "9"]
[White "Maneluk, Daniil"]
[Black "Xiao, Tong"]
[Result "0-1"]
[WhiteElo "2213"]
[BlackElo "2492"]
[PlyCount "100"]
[EventDate "2024.09.24"]
[EventType "swiss (blitz)"]
[EventRounds "11"]
[EventCountry "USA"]
[SourceTitle "EXT 2025"]
[Source "ChessBase"]
[SourceDate "2024.10.14"]
[SourceVersion "1"]
[SourceVersionDate "2024.10.14"]
[SourceQuality "1"]

1. e4 c5 2. Nf3 Nc6 3. d4 cxd4 4. Nxd4 Nf6 5. Nc3 e5 6. Ndb5 d6 7. Bg5 a6 8. Na3 b5 9. Nd5 Be7 10. Bxf6 Bxf6 11. c3 Rb8 12. Nc2 Bg5 13. Bd3 0-0 14. h4 Bh6 15. g3 Be6 16. Nce3 Qd7 17. 0-0 Bxe3 18. Nxe3 Ne7 19. Qf3 b4 20. Bxa6 bxc3 21. bxc3 Qc6 22. Be2 Qxc3 23. a4 Qa5 24. Bb5 Rbd8 25. Rfd1 Kh8 26. Rac1 f5 27. exf5 Nxf5 28. Nxf5 Bxf5 29. Qe3 Bg4 30. Re1 Bf3 31. Qc3 Qb6 32. Qc7 Qd4 33. Re3 Ba8 34. Qc3 Qg4 35. Qd2 Bf3 36. Bc6 d5 37. Bb5 Qh3 38. Rxf3 Rxf3 39. Be2 Rff8 40. a5 Qf5 41. Bf1 d4 42. a6 e4 43. a7 e3 44. fxe3 dxe3 45. Qxe3 Rde8 46. Qd4 Qf3 47. Qd3 Re3 48. Qd6 Qf2+ 49. Kh1 Rxg3 50. Re1 Qg1# 0-1

[Event "Titled Tuesday intern op 24th Sep Early"]
[Site "Chess.com INT"]
[Date "2024.09.24"]
[Round "7"]
[White "Maneluk, Daniil"]
[Black "Xu, Yi"]
[Result "0-1"]
[WhiteElo "2213"]
[BlackElo "2496"]
[PlyCount "76"]
[EventDate "2024.09.24"]
[EventType "swiss (blitz)"]
[EventRounds "11"]
[EventCountry "USA"]
[SourceTitle "EXT 2025"]
[Source "ChessBase"]
[SourceDate "2024.10.14"]
[SourceVersion "1"]
[SourceVersionDate "2024.10.14"]
[SourceQuality "1"]

1. e4 c5 2. Nf3 Nc6 3. d4 cxd4 4. Nxd4 Nf6 5. Nc3 e6 6. Nxc6 bxc6 7. e5 Nd5 8. Ne4 Qc7 9. f4 Qb6 10. a3 Bb7 11. c4 Ne3 12. Qd3 Nf5 13. g4 Nd4 14. Bg2 c5 15. 0-0 h5 16. h3 hxg4 17. hxg4 Be7 18. b4 Rh4 19. bxc5 Bxc5 20. Nxc5 Qxc5 21. Bxb7 Ne2+ 22. Kg2 Rxg4+ 23. Kh2 Rh4+ 24. Kg2 Rg4+ 25. Kf3 Rg3+ 26. Kxe2 Rxd3 27. Kxd3 Rb8 28. Be3 Qc7 29. Ba6 Rb3+ 30. Ke2 Qc6 31. Rh1 Qg2+ 32. Bf2 Rb2+ 33. Kd3 Qxf2 34. Rad1 Qf3+ 35. Kd4 Ke7 36. Bb5 Re2 37. Kc5 Qxa3+ 38. Kd4 Qe3# 0-1

[Event "Titled Tuesday intern op 17th Sep Early"]
[Site "Chess,com INT"]
[Date "2024.09.17"]
[Round "2"]
[White "Bynum, Jacorey"]
[Black "Maneluk, Daniil"]
[Result "0-1"]
[WhiteElo "2109"]
[BlackElo "2213"]
[PlyCount "78"]
[EventDate "2024.09.17"]
[EventType "swiss (blitz)"]
[EventRounds "11"]
[EventCountry "USA"]
[SourceTitle "EXT 2025"]
[Source "ChessBase"]
[SourceDate "2024.10.14"]
[SourceVersion "1"]
[SourceVersionDate "2024.10.14"]
[SourceQuality "1"]

1. e4 e6 2. d3 c5 3. f4 Nc6 4. Nc3 g6 5. g3 Bg7 6. Bg2 Nge7 7. Nf3 d6 8. 0-0 0-0 9. Qe1 Rb8 10. a4 a6 11. Be3 b5 12. axb5 axb5 13. g4 b4 14. Nd1 f5 15. exf5 gxf5 16. g5 Nd5 17. Bc1 e5 18. fxe5 dxe5 19. h4 Re8 20. c4 bxc3 21. Nxc3 Ncb4 22. Qd1 Nxc3 23. bxc3 Nxd3 24. Ra7 e4 25. Ne1 Nxc1 26. Qxc1 Qb6 27. Ra2 Be6 28. Raf2 Qb3 29. Kh1 Qxc3 30. Qd1 e3 31. Rf4 Rbd8 32. Qe2 Rd2 33. Qh5 Bf7 34. Qf3 Rf2 35. Rxf2 exf2 36. Nd3 Re4 37. Rxf5 Qe1+ 38. Kh2 Rxh4+ 39. Kg3 f1N# 0-1

[Event "Titled Tuesday intern op 17th Sep Early"]
[Site "Chess,com INT"]
[Date "2024.09.17"]
[Round "6"]
[White "Maneluk, Daniil"]
[Black "Titarov, Vasilii"]
[Result "0-1"]
[WhiteElo "2213"]
[BlackElo "2095"]
[PlyCount "94"]
[EventDate "2024.09.17"]
[EventType "swiss (blitz)"]
[EventRounds "11"]
[EventCountry "USA"]
[SourceTitle "EXT 2025"]
[Source "ChessBase"]
[SourceDate "2024.10.14"]
[SourceVersion "1"]
[SourceVersionDate "2024.10.14"]
[SourceQuality "1"]

1. e4 Nf6 2. e5 Nd5 3. c4 Nb6 4. d4 d6 5. f4 dxe5 6. fxe5 Bf5 7. Nc3 e6 8. Be3 Nc6 9. Nf3 Be7 10. Be2 0-0 11. 0-0 f6 12. exf6 Bxf6 13. h3 Qe7 14. Kh1 Rad8 15. Qd2 Nxd4 16. Nxd4 Bxd4 17. Bxd4 c5 18. Bxc5 Qxc5 19. Qc1 Qc6 20. b3 Nd7 21. Bf3 Qc7 22. Qe3 Ne5 23. Be4 Bxe4 24. Qxe4 Rxf1+ 25. Rxf1 Re8 26. Nb5 Qb8 27. Nd4 Ng6 28. h4 Qg3 29. h5 Ne5 30. Rf4 Nd3 31. Rf3 Nf2+ 32. Rxf2 Qxf2 33. Nf3 Qb6 34. h6 gxh6 35. Ne5 Qc7 36. Ng4 Qg7 37. Qf4 Rf8 38. Nxh6+ Kh8 39. Qd2 Qf6 40. Kg1 Qf1+ 41. Kh2 Qf4+ 42. Qxf4 Rxf4 43. Kg3 Rf6 44. Ng4 Rf1 45. Ne5 Ra1 46. Kf4 Rxa2 47. g4 Rb2 0-1

[Event "Titled Tuesday intern op 10th Sep Early"]
[Site "Chess,com INT"]
[Date "2024.09.10"]
[Round "4"]
[White "Indjic, Aleksandar"]
[Black "Maneluk, Daniil"]
[Result "1-0"]
[WhiteElo "2611"]
[BlackElo "2213"]
[PlyCount "63"]
[EventDate "2024.09.10"]
[EventType "swiss (blitz)"]
[EventRounds "11"]
[EventCountry "USA"]
[SourceTitle "EXT 2025"]
[Source "ChessBase"]
[SourceDate "2024.10.14"]
[SourceVersion "1"]
[SourceVersionDate "2024.10.14"]
[SourceQuality "1"]

1. g3 c5 2. c4 Nc6 3. Bg2 g6 4. Nc3 Bg7 5. b3 e5 6. Bb2 Nge7 7. d3 0-0 8. e3 d6 9. Nge2 Be6 10. Nd5 f5 11. Qd2 a6 12. Nec3 Kh8 13. f4 Bxd5 14. cxd5 Nb8 15. h4 h5 16. e4 Nd7 17. a4 b6 18. Bh3 exf4 19. gxf4 b5 20. Rg1 bxa4 21. Rxa4 Nxd5 22. Nxd5 Qxh4+ 23. Kd1 Qxh3 24. Rxg6 Rf7 25. Bxg7+ Rxg7 26. Qc3 Qf3+ 27. Kc2 Qe2+ 28. Kb1 Qf1+ 29. Ka2 Qe2+ 30. Ka3 Ne5 31. Rxg7 Kxg7 32. fxe5 1-0

[Event "Titled Tuesday intern op 10th Sep Early"]
[Site "Chess,com INT"]
[Date "2024.09.10"]
[Round "2"]
[White "Maneluk, Daniil"]
[Black "Fernandez Siles, Luis"]
[Result "1-0"]
[WhiteElo "2213"]
[BlackElo "2189"]
[PlyCount "103"]
[EventDate "2024.09.10"]
[EventType "swiss (blitz)"]
[EventRounds "11"]
[EventCountry "USA"]
[SourceTitle "EXT 2025"]
[Source "ChessBase"]
[SourceDate "2024.10.14"]
[SourceVersion "1"]
[SourceVersionDate "2024.10.14"]
[SourceQuality "1"]

1. e4 c5 2. Nf3 Nc6 3. d4 cxd4 4. Nxd4 Nf6 5. Nc3 e5 6. Ndb5 d6 7. Bg5 a6 8. Na3 d5 9. Nxd5 Qa5+ 10. Bd2 Qd8 11. Nc4 b5 12. Ncb6 Rb8 13. Nxc8 Rxc8 14. Nxf6+ Qxf6 15. Be3 Qg6 16. f3 Be7 17. Kf2 0-0 18. a4 Nd4 19. c3 Ne6 20. axb5 Rfd8 21. Qa4 Nc5 22. Qa5 Nb3 23. Qxa6 Nxa1 24. Qxa1 Bc5 25. Qc1 Qb6 26. Be2 Rd6 27. Bxc5 Qxc5+ 28. Qe3 Rd2 29. Qxc5 Rxc5 30. Rd1 Rxd1 31. Bxd1 Rxb5 32. b4 Kf8 33. Ke3 Ke7 34. Kd3 Kd6 35. Kc4 Rb8 36. Ba4 Rc8+ 37. Kb3 g6 38. c4 f5 39. c5+ Kc7 40. Kc4 Rd8 41. exf5 Rd4+ 42. Kc3 gxf5 43. Bc2 f4 44. Be4 Rd1 45. b5 Rc1+ 46. Kb4 Rg1 47. b6+ Kb8 48. c6 Rxg2 49. c7+ Kc8 50. Bf5+ Kb7 51. c8Q+ Kxb6 52. Qc5+ 1-0

[Event "Titled Tuesday intern op 10th Sep Early"]
[Site "Chess,com INT"]
[Date "2024.09.10"]
[Round "1"]
[White "Piddubna, Bozhena"]
[Black "Maneluk, Daniil"]
[Result "0-1"]
[WhiteElo "2176"]
[BlackElo "2213"]
[PlyCount "86"]
[EventDate "2024.09.10"]
[EventType "swiss (blitz)"]
[EventRounds "11"]
[EventCountry "USA"]
[SourceTitle "EXT 2025"]
[Source "ChessBase"]
[SourceDate "2024.10.14"]
[SourceVersion "1"]
[SourceVersionDate "2024.10.14"]
[SourceQuality "1"]

1. d4 Nf6 2. c4 c5 3. d5 b5 4. cxb5 a6 5. bxa6 g6 6. Nc3 Bg7 7. e4 0-0 8. Nf3 Qa5 9. Bd2 d6 10. Be2 Bxa6 11. e5 Nfd7 12. e6 fxe6 13. Ng5 Rf5 14. Nxe6 Bxe2 15. Nxe2 Qa4 16. Nxg7 Qxd1+ 17. Rxd1 Kxg7 18. Bc3+ Kg8 19. Ng3 Rf4 20. a3 Na6 21. 0-0 Nc7 22. Rfe1 Kf8 23. Bd2 Rf7 24. Bh6+ Kg8 25. Ne4 Rf5 26. Ng5 Rxd5 27. Rc1 Re5 28. h4 Nd5 29. Nf3 Rxe1+ 30. Rxe1 Rb8 31. Re2 e5 32. Rd2 N7b6 33. Ne1 Kf7 34. Nc2 Ke6 35. Ne3 Nxe3 36. fxe3 Nc4 37. Rf2 Nxb2 38. g4 Nd3 39. Rd2 e4 40. Kg2 c4 41. Kf1 c3 42. Rc2 Rb3 43. Bg7 Ne5 0-1

[Event "Titled Tuesday intern op 03rd Sep Early"]
[Site "Chess.com INT"]
[Date "2024.09.03"]
[Round "11"]
[White "Maneluk, Daniil"]
[Black "Iljin, Timofey"]
[Result "1-0"]
[WhiteElo "2213"]
[BlackElo "2253"]
[PlyCount "121"]
[EventDate "2024.09.03"]
[EventType "swiss (blitz)"]
[EventRounds "11"]
[EventCountry "USA"]
[SourceTitle "EXT 2025"]
[Source "ChessBase"]
[SourceDate "2024.10.14"]
[SourceVersion "1"]
[SourceVersionDate "2024.10.14"]
[SourceQuality "1"]

1. e4 e6 2. d4 d5 3. Nd2 a6 4. Ngf3 c5 5. Be2 Nc6 6. exd5 exd5 7. 0-0 Bd6 8. dxc5 Bxc5 9. Nb3 Bb6 10. Nbd4 Nge7 11. Bg5 0-0 12. c3 Qd6 13. Bh4 Bg4 14. h3 Bd7 15. Qd2 h6 16. Bg3 Qf6 17. Rad1 Rad8 18. Rfe1 Nf5 19. Nxf5 Bxf5 20. Bd3 Be4 21. Qf4 Qxf4 22. Bxf4 Bxd3 23. Rxd3 d4 24. c4 f6 25. a3 g5 26. Bg3 h5 27. b4 g4 28. hxg4 hxg4 29. Nh4 Rfe8 30. Rxe8+ Rxe8 31. c5 Bd8 32. Nf5 Re1+ 33. Kh2 Ra1 34. Nxd4 Ne5 35. Bxe5 fxe5 36. Nc2 Bc7 37. Rd7 Rc1 38. Rxc7 Rxc2 39. Rxb7 e4 40. Kg3 Kf8 41. Kxg4 Ke8 42. Kg3 Kd8 43. Rb6 Rc3+ 44. Kf4 Rxa3 45. Kxe4 Rb3 46. g4 Kc7 47. f4 Rb1 48. g5 Re1+ 49. Kf5 Rd1 50. g6 Rd5+ 51. Kf6 Rd4 52. f5 a5 53. bxa5 Rd5 54. g7 Rd8 55. Kf7 Rd7+ 56. Kg6 Rd8 57. f6 Kd7 58. f7 Kc7 59. f8Q Re8 60. Qd6+ Kc8 61. Rb8# 1-0

[Event "Titled Tuesday intern op 03rd Sep Early"]
[Site "Chess.com INT"]
[Date "2024.09.03"]
[Round "3"]
[White "Maneluk, Daniil"]
[Black "Matyassy, Lazar"]
[Result "1-0"]
[WhiteElo "2213"]
[BlackElo "2225"]
[PlyCount "65"]
[EventDate "2024.09.03"]
[EventType "swiss (blitz)"]
[EventRounds "11"]
[EventCountry "USA"]
[SourceTitle "EXT 2025"]
[Source "ChessBase"]
[SourceDate "2024.10.14"]
[SourceVersion "1"]
[SourceVersionDate "2024.10.14"]
[SourceQuality "1"]

1. e4 c5 2. Nf3 d6 3. d4 cxd4 4. Nxd4 Nf6 5. Nc3 Nc6 6. Bg5 e6 7. Qd2 a6 8. 0-0-0 Bd7 9. f4 b5 10. Nxc6 Bxc6 11. Bd3 b4 12. Ne2 a5 13. Kb1 h6 14. Bxf6 Qxf6 15. e5 dxe5 16. Be4 Bb5 17. Bxa8 Be7 18. fxe5 Qxe5 19. Nd4 Bd7 20. Bc6 0-0 21. Bxd7 Rd8 22. Bxe6 Bf6 23. Rhe1 Qxh2 24. Bxf7+ Kxf7 25. Qe3 Qd6 26. Qb3+ Kg6 27. Re6 Qf4 28. Qd3+ Kf7 29. Qc4 Kg6 30. a4 Kh7 31. Qd3+ Kh8 32. Rde1 Qb8 33. Qg6 1-0

[Event "Titled Tuesday intern op 03rd Sep Early"]
[Site "Chess.com INT"]
[Date "2024.09.03"]
[Round "5"]
[White "Maneluk, Daniil"]
[Black "Steinberg, Nitzan"]
[Result "0-1"]
[WhiteElo "2213"]
[BlackElo "2554"]
[PlyCount "100"]
[EventDate "2024.09.03"]
[EventType "swiss (blitz)"]
[EventRounds "11"]
[EventCountry "USA"]
[SourceTitle "EXT 2025"]
[Source "ChessBase"]
[SourceDate "2024.10.14"]
[SourceVersion "1"]
[SourceVersionDate "2024.10.14"]
[SourceQuality "1"]

1. e4 e5 2. Nf3 Nc6 3. Bb5 a6 4. Ba4 Nf6 5. 0-0 Be7 6. Re1 b5 7. Bb3 d6 8. c3 0-0 9. h3 Nb8 10. d4 Nbd7 11. Nbd2 Bb7 12. Bc2 Re8 13. Nf1 Bf8 14. Ng3 g6 15. Bg5 h6 16. Be3 h5 17. Bg5 Be7 18. Qd2 c5 19. d5 c4 20. Nh2 Nh7 21. Be3 Bg5 22. f4 exf4 23. Bxf4 Bxf4 24. Qxf4 Ne5 25. Nf3 Qf6 26. Qxf6 Nxf6 27. Nd4 Bc8 28. a4 Bd7 29. axb5 axb5 30. Kf2 Kg7 31. Nf1 b4 32. cxb4 Rab8 33. Ra6 Rxb4 34. Rxd6 Rxb2 35. Kg1 c3 36. Ne3 Rb4 37. Ne2 Bxh3 38. Nxc3 Bc8 39. Rf1 Nfg4 40. Nxg4 Bxg4 41. Bd1 Bd7 42. Bf3 Rc8 43. Ne2 Rc2 44. Nf4 Bb5 45. Rd1 Rbb2 46. Rb6 h4 47. d6 h3 48. Nxh3 Nxf3+ 49. Kh1 Rxg2 50. d7 Rh2# 0-1

[Event "Titled Tuesday intern op 03rd Sep Early"]
[Site "Chess.com INT"]
[Date "2024.09.03"]
[Round "2"]
[White "Terry, Renato"]
[Black "Maneluk, Daniil"]
[Result "1-0"]
[WhiteElo "2508"]
[BlackElo "2213"]
[PlyCount "71"]
[EventDate "2024.09.03"]
[EventType "swiss (blitz)"]
[EventRounds "11"]
[EventCountry "USA"]
[SourceTitle "EXT 2025"]
[Source "ChessBase"]
[SourceDate "2024.10.14"]
[SourceVersion "1"]
[SourceVersionDate "2024.10.14"]
[SourceQuality "1"]

1. e4 e6 2. d4 d5 3. exd5 exd5 4. Nf3 Nc6 5. h3 Bd6 6. c4 Bb4+ 7. Nc3 Nge7 8. Bd3 dxc4 9. Bxc4 0-0 10. 0-0 Bf5 11. Be3 Bxc3 12. bxc3 Nd5 13. Bd2 Nb6 14. Be2 Be6 15. Re1 h6 16. Qb1 Na5 17. Bf4 Nac4 18. Qc1 Bf5 19. Bf1 c6 20. a4 a5 21. Ne5 Nxe5 22. Rxe5 Bg6 23. Qb2 Nd7 24. Re3 Nf6 25. Be5 Nd5 26. Rg3 Qb6 27. Qd2 Kh7 28. Bd3 Rae8 29. Rb1 Qa7 30. Qc2 Re6 31. f4 f5 32. Kh2 Kg8 33. Be2 Qa8 34. Bh5 Ne7 35. Qb3 Qc8 36. Bxg6 1-0

[Event "Titled Tuesday intern op 27th Aug Early"]
[Site "Chess.com INT"]
[Date "2024.08.27"]
[Round "7"]
[White "Csonka, Balazs"]
[Black "Maneluk, Daniil"]
[Result "1-0"]
[WhiteElo "2473"]
[BlackElo "2213"]
[PlyCount "71"]
[EventDate "2024.08.27"]
[EventType "swiss (blitz)"]
[EventRounds "11"]
[EventCountry "USA"]
[SourceTitle "EXT 2025"]
[Source "ChessBase"]
[SourceDate "2024.10.14"]
[SourceVersion "1"]
[SourceVersionDate "2024.10.14"]
[SourceQuality "1"]

1. e4 e6 2. d4 d5 3. Nc3 Be7 4. Bd3 Nf6 5. e5 Nfd7 6. Nce2 c5 7. c3 Nc6 8. Nf3 g5 9. h3 h5 10. Be3 Rg8 11. g4 cxd4 12. cxd4 f6 13. exf6 Nxf6 14. Ne5 Nxe5 15. dxe5 Nd7 16. Bd4 Qa5+ 17. Kf1 hxg4 18. hxg4 Bc5 19. Bh7 Rf8 20. Rc1 b6 21. a3 Ba6 22. b4 Bxd4 23. bxa5 Rxf2+ 24. Ke1 Rxe2+ 25. Qxe2 Bxe2 26. Bg6+ Kf8 27. Rh8+ Kg7 28. Rxa8 bxa5 29. Rc7 Kxg6 30. Rxd7 Bxg4 31. Rg8+ Kf5 32. Rf7+ Ke4 33. Rxg5 Bf5 34. Rgxf5 exf5 35. e6 Bc3+ 36. Kd1 1-0

[Event "Titled Tuesday intern op 27th Aug Early"]
[Site "Chess.com INT"]
[Date "2024.08.27"]
[Round "5"]
[White "Elsness, Frode"]
[Black "Maneluk, Daniil"]
[Result "0-1"]
[WhiteElo "2423"]
[BlackElo "2213"]
[PlyCount "57"]
[EventDate "2024.08.27"]
[EventType "swiss (blitz)"]
[EventRounds "11"]
[EventCountry "USA"]
[SourceTitle "EXT 2025"]
[Source "ChessBase"]
[SourceDate "2024.10.14"]
[SourceVersion "1"]
[SourceVersionDate "2024.10.14"]
[SourceQuality "1"]

1. e4 e6 2. d4 d5 3. e5 c5 4. c3 Nc6 5. Nf3 Nge7 6. Na3 Qa5 7. Nc2 cxd4 8. Nfxd4 Nxd4 9. Nxd4 Nc6 10. Nxc6 bxc6 11. Bd3 Ba6 12. 0-0 Be7 13. Be3 0-0 14. b4 Qa3 15. Bc1 Qxc3 16. Bxa6 Qxa1 17. Qc2 Qxe5 18. Qxc6 Bxb4 19. Be3 d4 20. Bc1 Rfd8 21. Bb2 Qd6 22. Qc4 Bc3 23. Bxc3 dxc3 24. Bb7 Rab8 25. Be4 Rbc8 26. Qe2 Qd2 27. Qh5 g6 28. Qh4 c2 29. Bxc2 0-1

[Event "Titled Tuesday intern op 27th Aug Early"]
[Site "Chess.com INT"]
[Date "2024.08.27"]
[Round "9"]
[White "Maksimovic, Bojan"]
[Black "Maneluk, Daniil"]
[Result "1-0"]
[WhiteElo "2499"]
[BlackElo "2213"]
[PlyCount "187"]
[EventDate "2024.08.27"]
[EventType "swiss (blitz)"]
[EventRounds "11"]
[EventCountry "USA"]
[SourceTitle "EXT 2025"]
[Source "ChessBase"]
[SourceDate "2024.10.14"]
[SourceVersion "1"]
[SourceVersionDate "2024.10.14"]
[SourceQuality "1"]

1. e4 e6 2. d4 d5 3. Nc3 Nf6 4. Bg5 dxe4 5. Nxe4 Be7 6. Bxf6 gxf6 7. Nf3 f5 8. Nc3 b6 9. Qd2 Bb7 10. Bb5+ c6 11. Be2 Nd7 12. 0-0-0 Qc7 13. Qe3 0-0-0 14. Kb1 Nf6 15. Ne5 Bd6 16. Bf3 Nd5 17. Bxd5 cxd5 18. Nb5 Qe7 19. Nxd6+ Rxd6 20. Qa3 Rg8 21. Qxa7 f6 22. Rd3 fxe5 23. Rc3+ Qc7 24. Rxc7+ Kxc7 25. dxe5 Rc6 26. Qa3 Rxg2 27. Qf3 Rg4 28. Qh3 Kb8 29. Qxh7 Rg2 30. Rc1 Rxf2 31. h4 Rh2 32. b3 d4 33. h5 Rc7 34. Qg8+ Ka7 35. Qd8 Rc5 36. Qxd4 Be4 37. Kb2 Bxc2 38. Ka3 Rd5 39. Qc4 Rc5 40. Qxe6 Ra5+ 41. Kb4 Rh4+ 42. Kc3 Rc5+ 43. Kb2 Rh2 44. Qe7+ Ka6 45. Qxc5 bxc5 46. Rxc2 Rxh5 47. Rxc5 f4 48. Kc3 Rf5 49. Kd2 f3 50. Ke1 Kb6 51. b4 Rf4 52. a3 Rd4 53. Kf2 Rd3 54. Ra5 Kc6 55. Ra7 Rb3 56. e6 Rb2+ 57. Kxf3 Rb1 58. e7 Re1 59. Kf4 Kb6 60. Ra5 Rxe7 61. Kf3 Re8 62. Kf4 Re7 63. Kf5 Re1 64. Re5 Ra1 65. Re3 Kb5 66. Ke4 Kc4 67. Ke5 Rd1 68. Rf3 Rd8 69. Ke4 Rd7 70. Re3 Re7+ 71. Kf3 Rd7 72. Ke2 Rd8 73. Ke1 Rd7 74. Ke2 Rd8 75. Re5 Rd7 76. Ra5 Rd8 77. b5 Kc5 78. a4 Kb4 79. Ra6 Rb8 80. b6 Kc5 81. a5 Kb5 82. Ra7 Kc6 83. Kd3 Kb5 84. b7 Kc6 85. a6 Kb6 86. Ra8 Kc7 87. Rxb8 Kxb8 88. Kc4 Ka7 89. Kc5 Kb8 90. Kc6 Ka7 91. Kc7 Kxa6 92. b8Q Ka5 93. Qb3 Ka6 94. Qa4# 1-0